LEADER 01186nam2-2200361---450 001 990002977120203316 005 20220518102615.0 035 $a000297712 035 $aUSA01000297712 035 $a(ALEPH)000297712USA01 035 $a000297712 100 $a20070925d1970----km-y0itay50------ba 101 $afre 102 $aFR 105 $aa---||||001yy 200 1 $a2. : <> crypte hypostyle (1957-1962)$fpar Marie-Claire Amouretti 210 $aParis$cLibrairie orientaliste Paul Geuthner$d1970 215 $aIX, 100 p., 2 carte di tavole ripiegate, 31 p. di tav.$cill.$d29 cm 225 2 $aÉtudes crétoises$v18 300 $aIn testa al frontespizio: École française d'Athènes 410 0$12001$aÉtudes crétoises$v18 454 1$12001 461 1$1001000297709$12001$aFouilles exécutées à Mallia : le centre politique 606 0 $aScavi archeologici$yMalia 676 $a939.18 700 1$aAMOURETTI,$bMarie-Claire$0213519 801 0$aIT$bsalbc$gISBD 912 $a990002977120203316 951 $aXI.3.B. 436/2$b199139 L.M.$cXI.3.B.$d00161014 959 $aBK 969 $aUMA 996 $aCrypte hypostyle (1957-1962$91027240 997 $aUNISA LEADER 01560nam0 22003251i 450 001 VAN00007156 005 20240806100231.974 010 $a88-14-06110-6 020 $aIT$b97 7730 100 $a20020823d1996 |0itac50 ba 101 $aita 102 $aIT 105 $a|||| ||||| 200 1 $aˆLa ‰nuova normativa di sicurezza sul lavoro$ecommento al D. lgs. 19 settembre 1994, n. 626 integrato e modificato dal D. lgs. 19 marzo 1996, n. 242$fFernanda Cervetti Spriano 210 $aMilano$cGiuffrè$d1996 215 $aXVII, 384 p.$c24 cm. 606 $aIgiene del lavoro$xLegislazione$3VANC004126$2FI 606 $aInfortuni sul lavoro$xPrevenzione$xLegislazione$3VANC004125$2FI 620 $dMilano$3VANL000284 676 $a344.45046502638$v21 700 1$aCervetti Spriano$bFernanda$3VANV004015$0344079 712 $aGiuffrè $3VANV109181$4650 801 $aIT$bSOL$c20251114$gRICA 899 $aBIBLIOTECA DEL DIPARTIMENTO DI ECONOMIA$1IT-CE0106$2VAN03 912 $aVAN00007156 950 $aBIBLIOTECA DEL DIPARTIMENTO DI GIURISPRUDENZA$d00CONS IX.D.11 $e00 16812 20020828 950 $aBIBLIOTECA DEL DIPARTIMENTO DI GIURISPRUDENZA$d00CONS IX.Eat.17 $e00 10148 20020826 950 $aBIBLIOTECA DEL DIPARTIMENTO DI ECONOMIA$d03PREST IVDe6 $e03 30927 20130610 996 $aNuova normativa di sicurezza sul lavoro$9656608 997 $aUNICAMPANIA